Black Widow Characters Quiz - Statistics

General Stats
  • This quiz has been taken 579 times
  • The average score is 8 of 12
Answer Stats
Hint Answer % Correct
Avenger Black Widow
97%
Above’s real name Natasha Romanoff
95%
Nat’s sister Yelena Belova
94%
Soviet super soldier Red Guardian
62%
Nat’s mother figure and Red Room scientist Melina Vostokoff
60%
Villain who mimics moves Taskmaster
60%
Above’s real name Antonia Dreykov
57%
Leader of the Red Room General Dreykov
56%
Above’s real name Alexei Shostakov
53%
Secretary of State Thaddeus Ross
53%
Meets Yelena at the end Contessa Valentina Allegra De Fontaine
42%
Nat’s supplier Rick Mason
24%
No matching quizzes found
Score Distribution
Percent of People with Each Score
Percentile by Number Answered
Your Score History
You have not taken this quiz